1935 1635 1704 1815 1294 1983 1900 1749 1982 1805 1398 1575 1687 1825 1381 1670 1061 1568 1671 1328 1129 1973 1594 1967 1821 1586 1674 1422 1139 1981 1458 1835 1955 1285 1785 1589 1924 1943 1283 1092 1681 1322 1839 1716 1990 1498 1346 1968 1736 1926 1867 1433 1076 1307 1286 1463 1077 1321 1528 1894 1733 1967 1724 1379 1186 1980 1820 1843 1790 1255 1549 1042 1503 1542 1400 1549 1827 1212 1449 1010 1897 1689 1404 1612 1682 1269 1586 1858 1675 1119 1836 1208 1183 1213 1013 1267 1214 1626 1488 BCNSPRNW ULIB Ver.6.0+V

เปลี่ยนเป็นภาษาไทย

Change to English
 แสดงรายละเอียดบรรณานุกรม
  กลับหน้าหลัก

Brief Record : Get Marc (ISO 2709) : E-mail record : QR code < ปิดหน้าต่าง
LEADER : 00000nam 2200000uu 4500
001    13399127021
003     ULIB
008    191003s2559||||th 000 0 tha d
020    ^a9786163920195 : ^c35 บาท
060    ^aWS103^bห162
245 10 ^aหมาจิ้งจอกกับราชสีห์เจ้าเล่ห์= ^bThe fox and the cunning lion /^csally, แปล ; เศวตราภรณ์ ไอศุริยเอกสกุล, ภาพประกอบ
260    ^aกรุงเทพฯ :^bโลกหนังสือ, ^c2559
300    ^a10 หน้า :^bภาพประกอบสี ; ^c20 ซม.
546    ^aเนื้อหามีทั้งภาษาไทยและภาษาอังกฤษ.
700 0  ^asally, ^eผู้แปล
700 0  ^aเศวตราภรณ์ ไอศุริยเอกสกุล, ^eผู้วาดภาพประกอบ
945    ^p35^l0^i006209
999    ^aประนอม เกษจรัล
รายการนี้ยังไม่มีแท็ก
คุณยังไม่ได้ล็อกอิน คุณสามารถมีกิจกรรมร่วมกับเว็บไซต์ได้ แต่ต้องล็อกอินก่อน ::
  ล็อกอิน

รายการสื่อสารสนเทศ

ลำดับที่ ประเภท เลขเรียก/บาร์โค้ด สถานที่ สถานะ
1. วิทยาศาสตร์การแพทย์ และสุขภาพ
วิทยาศาสตร์การแพทย์ และสุขภาพ
WS103 ห162 ฉ.1 
  Barcode: 006209
ห้องสมุดวิทยาเขตสวรรค์ประชารักษ์
►หนังสือทั่วไป
ถูกยืม กำหนดส่งวันที่ 25 เมษายน 2568
  จอง

BibComment


ยังไม่เคยถูกคอมเมนท์

คอมเมนท์ทรัพยากรรายการนี้
  คอมเมนท์: หมาจิ้งจอกกับราช..


 Copyright 2026. Bcnsprnw @Library